100 Largest Countries by Area - Statistics

General Stats
  • This quiz has been taken 4,164 times
  • The average score is 82 of 100
Answer Stats
Hint Answer % Correct
1 Russia
99%
2 Canada
98%
5 Brazil
97%
4 China
97%
3 United State of America
97%
6 Australia
95%
7 India
95%
8 Argentina
94%
78 United Kingdom
94%
10 Algeria
93%
14 Mexico
93%
11 Democratic Republic of the Congo
92%
43 France
92%
15 Indonesia
91%
18 Iran
91%
13 Saudi Arabia
91%
52 Spain
91%
30 Egypt
90%
64 Germany
90%
25 South Africa
90%
38 Chile
89%
19 Mongolia
89%
22 Niger
89%
36 Pakistan
89%
20 Peru
89%
56 Sweden
89%
37 Turkey
89%
66 Finland
88%
59 Iraq
88%
63 Japan
88%
9 Kazakhstan
88%
17 Libya
88%
62 Norway
88%
16 Sudan
88%
46 Ukraine
88%
21 Chad
87%
72 Italy
87%
32 Nigeria
87%
26 Colombia
86%
70 Poland
86%
51 Thailand
86%
33 Venezuela
86%
27 Ethiopia
85%
24 Mali
85%
23 Angola
84%
28 Bolivia
84%
67 Vietnam
84%
50 Yemen
84%
76 New Zealand
83%
71 Oman
83%
44 Somalia
83%
42 South Sudan
83%
53 Turkmenistan
83%
57 Uzbekistan
83%
58 Morocco
82%
41 Afghanistan
81%
12 Denmark (Greenland)
81%
49 Kenya
81%
68 Malaysia
81%
34 Namibia
81%
82 Romania
81%
47 Madagascar
80%
35 Mozambique
80%
60 Paraguay
80%
31 Tanzania
80%
39 Zambia
80%
85 Belarus
79%
83 Laos
79%
29 Mauritania
79%
40 Myanmar
79%
48 Botswana
78%
45 Central African Republic
78%
96 Greece
78%
61 Zimbabwe
78%
89 Cambodia
77%
88 Syria
77%
74 Ecuador
76%
95 Tajikistan
76%
90 Uruguay
76%
81 Ghana
74%
93 Nepal
73%
54 Cameroon
72%
80 Uganda
71%
94 Bangladesh
70%
84 Guyana
70%
86 Kyrgyzstan
70%
87 Senegal
70%
69 Cote d'Ivoire
69%
98 North Korea
69%
91 Suriname
69%
77 Gabon
68%
79 Guinea
68%
92 Tunisia
68%
55 Papua New Guinea
67%
73 Philippines
67%
75 Burkina Faso
63%
100 Eritrea
61%
99 Malawi
58%
97 Nicaragua
57%
65 Republic of the Congo
32%
No matching quizzes found
Score Distribution
Percent of People with Each Score
Percentile by Number Answered
Your Score History
You have not taken this quiz